Todas as Faculdades e Institutos na UNICAMP - Statistics

Estatísticas Gerais
  • Esse quiz foi jogado 69 vezes
  • A pontuação média é 14 de 25
Estatísticas das Respostas
Resposta % Correto
FCM
85%
FECFAU
75%
IFCH
75%
FE
71%
IB
71%
IE
69%
IQ
69%
IFGW
67%
FOP
63%
IMECC
63%
IA
60%
IG
60%
FEF
54%
FCA
52%
FEEC
52%
FEM
52%
FEA
50%
FEQ
50%
FEnf
48%
IC
48%
IEL
46%
FT
38%
FCF
35%
FEAgri
29%
CEL
13%
Nenhum quiz correspondente encontrado
Distribuição das Pontuações
Porcentagem de Pessoas com Cada Pontuação
Percentil de Números Respondidos
Sua Pontuação Histórica
Você não jogou esse quiz